• 首页
  • 本馆介绍
  • 公告通知
  • 最新文献
  • 馆藏检索
  • 电子资源
  • 读者导购
  • 参考咨询
  • 我的图书馆
  • 登录
  • 详细信息显示
  • 放入我的书架
  • 预约/预借图书
  • 作者相关作品
  • 分类相关作品
  • 丛书相关作品
  • 出版社相关作品

书目信息

  • 表格格式
  • 工作单格式
  • 卡片格式
题名:
兵家史话
    
 
作者: 王晓卫 著
分册:  
出版信息: 北京   中国大百科全书出版社  2000
页数: 196页
开本: 19cm
丛书名: 中华文明史话
单 册:
中图分类: E092.2 , Z1
科图分类:
主题词: --中国--古代 , 丛书
电子资源:
ISBN: 7-5000-6346-6
000 00791oam2 2200265 450
001 1560819869
005 20151110163130.37
010    @a7-5000-6346-6@dCNY10.00
100    @a20021005d2000 em y0chiy0110 ea
101 0  @achi
102    @aCN@b110000
105    @ay z 000yd
200 1  @a兵家史话@9bing jia shi hua@f王晓卫[著]
210    @a北京@c中国大百科全书出版社@d2000
215    @a196页@d19cm
225 2  @a中华文明史话
330    @a本书以断代为序,介绍了先秦、秦汉、魏晋南北朝、隋唐五代、宋辽金元和明清等各时期有代表性的、影响较大的46位兵家。
461  0 @12001 @a中华文明史话
606 0  @a@y中国@z古代
606 0  @a丛书
690    @aE092.2@v5
690    @aZ1@v4
701  0 @a王晓卫@9wang xiao wei@f(1952~)@4著
801  0 @aCN@bTSSF@c20150115
905    @aZUCC@dZ1@eJY27:40
    
    兵家史话/王晓卫[著].-北京:中国大百科全书出版社,2000
    196页;19cm.-(中华文明史话)
    
    
    ISBN 7-5000-6346-6:CNY10.00
    本书以断代为序,介绍了先秦、秦汉、魏晋南北朝、隋唐五代、宋辽金元和明清等各时期有代表性的、影响较大的46位兵家。
●
相关链接 在E读中查询图书 在五车中查询图书 在当当中查询图书 在豆瓣中查询图书


正题名:兵家史话     索取号:Z1/JY27:40         预约/预借

序号 登录号 条形码 馆藏地/架位号 状态 备注
1 7841616   278416162   学院路分馆/ [索取号:Z1/JY27:40] 在馆    
2 7841617   278416171   学院路分馆/ [索取号:Z1/JY27:40] 在馆    
3 7841618   278416180   学院路分馆/ [索取号:Z1/JY27:40] 在馆    
4 7841619   278416199   学院路分馆/ [索取号:Z1/JY27:40] 在馆    
唐山师范学院图书馆 欢迎您!
大连网信软件有限公司© 版权所有